[Event "Martigny op"]
[Site "Martigny"]
[Date "2005.07.29"]
[Round "1"]
[White "Biollay, Ashok"]
[Black "Burnier, David"]
[Result "0-1"]
[WhiteElo "1682"]
[BlackElo "2298"]
[PlyCount "58"]
[EventDate "2005.07.29"]
[EventType "swiss"]
[EventRounds "7"]
[EventCountry "SUI"]
[SourceTitle "CBM 107 Extra"]
[Source "ChessBase"]
[SourceDate "2005.09.01"]
[SourceVersion "1"]
[SourceVersionDate "2005.09.01"]
[SourceQuality "1"]

1. d4 Nf6 2. c4 g6 3. g3 Bg7 4. Bg2 0-0 5. e4 d6 6. Ne2 Nc6 7. 0-0 Re8 8. b3 e5 9. d5 Ne7 10. Nbc3 Nh5 11. Be3 f5 12. Rc1 Nf6 13. Qd2 Ng4 14. Bg5 h6 15. h3 hxg5 16. hxg4 fxg4 17. Qxg5 Rf8 18. f3 Bf6 19. Qd2 c6 20. f4 Qb6+ 21. Rf2 exf4 22. Qxf4 Bg7 23. Na4 Rxf4 24. Nxb6 Rxf2 25. Kxf2 axb6 26. a4 g5 27. Rd1 Be5 28. Nc1 Bd7 29. Nd3 Rf8+ 0-1